000
00296nam a22001097a 4500
082
_a
355.07 RIZ'V
100
_a
RIZVI, S. HAIDER ABBAS BRIG
_9
74814
245
_a
VETERAN CAMPAIGNERS A HISTORY OF THE PUNJAB REGIMENT 1759-1981
260
_a
LAHORE
_b
WAJID ALI
_c
1984
300
_a
385P
942
_c
BK
999
_c
580313
_d
580313